000 00576nam a2200217 a 4500
999 _c10485
_d10485
001 10485
003 BD-JhCC
005 20180430170232.0
008 180430s1966 usa |||| |||| 000 0 eng d
035 _a(BD-JhCC)10485
040 _aBD-JhCC
_dBD-JhCC
041 _aeng
082 _a823.8
_bHOL 1966
100 _aHolland, William
245 _aCliffsNotes Eliot's Silas Marner /
_cWilliam Holland
260 _aUSA :
_bCliff's notes,
_c1966
300 _a61 p. :
_c19 cm.
504 _aIncludes bibliography
650 _aSilas Marner (Eliot, George)
942 _2ddc
_cBK